| 000 | 01029nam a22003137a 4500 | ||
|---|---|---|---|
| 001 | BR0102241 | ||
| 003 | BR-BrBNA | ||
| 005 | 20230928100856.0 | ||
| 007 | ta | ||
| 008 | 230509b bl.||||| |||| 00| 0 por d | ||
| 040 |
_aBR-BrBNA _bpor _cBiblioteca Nacional de Agricultura |
||
| 041 | _a(Por) | ||
| 072 |
_aL73; L70 _b5100 |
||
| 090 | _ 5100 BR0102241 | ||
| 100 | 1 | _aMatos, J.J.R.T. de | |
| 110 | 1 |
_aUniversidade Federal de Minas Gerais, Belo Horizonte (Brasil). Escola de Veterinaria _0Tese (Mestre em Medicina Veterinaria) |
|
| 245 | 1 | _aLesoes de isquemia e reperfusao experimentais no jejuno de equinos: tratamento com succinato sodico de hidrocortisona | |
| 260 | 3 |
_aBelo Horizonte, MG (Brasil): _c1999. |
|
| 300 | _a82 p. | ||
| 500 | _aSummaries (Eng, Por); Bibliography p. 71-82; 21 illus.; 12 tables | ||
| 650 | _aEquino | ||
| 650 | _aDoenca Animal | ||
| 650 | _aCirurgia | ||
| 650 | _aIntestino Delgado | ||
| 650 | _aJejuno | ||
| 650 | _aLesao | ||
| 909 |
_a202309 _bLucia _c55 _dLucia Elande |
||
| 942 | _cBK | ||
| 999 |
_c63207 _d63207 |
||